[Event "IND-chB (Women) 42nd"]
[Site "Bhayandar"]
[Date "2015.07.11"]
[Round "11"]
[White "Vantika, Agrawal"]
[Black "Vidhubala, Sankaran Swaha"]
[Result "1-0"]
[WhiteElo "1930"]
[BlackElo "1386"]
[PlyCount "85"]
[EventDate "2015.07.02"]
[EventType "swiss"]
[EventRounds "11"]
[EventCountry "IND"]
[SourceTitle "CBM 167 Extra"]
[Source "ChessBase"]
[SourceDate "2015.09.14"]
[SourceVersion "1"]
[SourceVersionDate "2015.09.14"]
[SourceQuality "1"]

1. d4 d5 2. Nf3 c6 3. c4 e6 4. g3 Nf6 5. Bg2 Be7 6. 0-0 Nbd7 7. b3 Ne4 8. e3 b6 9. Bb2 Ba6 10. Nbd2 Nxd2 11. Nxd2 Bb4 12. Rc1 Rc8 13. e4 dxc4 14. Nxc4 Nf6 15. a3 Be7 16. Re1 0-0 17. Qc2 Qd7 18. Ne5 Qc7 19. Nxc6 Kh8 20. d5 Qd7 21. b4 b5 22. Qb3 Bb7 23. Red1 Bxc6 24. dxc6 Qc7 25. e5 Nd5 26. Bxd5 exd5 27. Rxd5 Rfd8 28. Rxb5 Rb8 29. Rxb8 Rxb8 30. Qxf7 Rf8 31. Qc4 Qb6 32. Bd4 Qc7 33. a4 h6 34. b5 Rc8 35. Qc3 Bd8 36. e6 Kh7 37. Be5 Qb6 38. Bxg7 Bg5 39. Bd4 Qc7 40. Qd3+ Kg8 41. Qg6+ Kf8 42. Bc5+ Qe7 43. Qf7# 1-0